Nationalités de footballeurs (2) - Statistiques

Statistiques générales
  • Ce quiz a été pris 229 fois
  • Le résultat moyen est 15 sur 20
Statistiques - réponses
Joueur Nationalité % Correct
Antonio Rudiger Allemagne
94%
Henrikh Mkhitaryan Arménie
94%
Edin Dzeko Bosnie-Herzegovine
92%
Kostas Manolas Grèce
90%
Michy Batshuayi Belgique
89%
Jorginho Italie
89%
Denis Cheryshev Russie
88%
Marcel Sabitzer Autriche
87%
Edouard Mendy Sénégal
87%
Claudio Bravo Chili
85%
Teemu Pukki Finlande
85%
Leon Bailey Jamaique
77%
Jonny Evans Irlande du Nord
68%
Aaron Mooy Australie
63%
Jefferson Farfan Pérou
62%
Siphiwe Tshabalala Afrique du Sud
57%
Milot Rashica Kosovo
57%
Atiba Hutchinson Canada
54%
Moussa Marega Mali
52%
Stefan Ristovski Macédoine
31%
Aucun quiz correspondant
Distribution des résultats
% des personnes avec chaque résultat
Percentile par nombre de réponses
Votre historique - résultats
Vous n’avez pas pris ce quiz